Т. 46, № 3; Физика и химия стекла

গ্রন্থ-পঞ্জীর বিবরন
Parent link:Физика и химия стекла/ Российская академия наук (РАН), Институт химии силикатов им. И. В. Гребенщикова (ИХС РАН). Т. 46, № 3.— , 1977-
ভাষা:রুশ
প্রকাশিত: 2020
অনলাইন ব্যবহার করুন:https://sciencejournals.ru/view-issue/?j=fizkhst&y=2020&v=46&n=3
https://www.elibrary.ru/contents.asp?id=42687718
বিন্যাস: MixedMaterials বৈদ্যুতিক গ্রন্থ
KOHA link:https://koha.lib.tpu.ru/cgi-bin/koha/opac-detail.pl?biblionumber=589717

MARC

LEADER 00000nam2a2200000 4500
001 589717
005 20231101131555.0
035 |a (RuTPU)RU\TPU\prd\292433 
035 |a RU\TPU\prd\292432 
090 |a 589717 
100 |a 20230120a19759999k y0rusy50 ca 
101 0 |a rus 
102 |a RU 
181 0 |a i  
182 0 |a b 
200 0 |a Т. 46, № 3  |b Электронный ресурс 
203 |a Текст  |c электронный 
210 |d 2020 
461 1 |0 (RuTPU)RU\TPU\prd\405  |t Физика и химия стекла  |f Российская академия наук (РАН), Институт химии силикатов им. И. В. Гребенщикова (ИХС РАН)  |v Т. 46, № 3  |d 1977- 
801 0 |a RU  |b 63413507  |c 20010227  |g PSBO 
801 1 |a RU  |b 63413507  |c 20170824 
801 2 |a RU  |b 63413507  |c 20230120  |g RCR 
856 4 0 |u https://sciencejournals.ru/view-issue/?j=fizkhst&y=2020&v=46&n=3 
856 4 0 |u https://www.elibrary.ru/contents.asp?id=42687718 
942 |c BK